Candidates de Drag Race France - Statistiques

Statistiques générales
  • Ce quiz a été pris 56 fois
  • Le résultat moyen est 26 sur 31
Statistiques - réponses
Réponse % Correct
💖​⭐ Moon
96%
​⭐ Punani
96%
​👑 Keiona
93%
​⭐​ La Big Bertha
93%
​👑 Le Filip
93%
​⭐👑 Mami Watta
93%
​⭐ Misty Phoenix
93%
💖​⭐ Elips
91%
​👑 Paloma
91%
​⭐ Piche
91%
​⭐ Kam Hugh
89%
Rose
89%
​⭐ Soa de Muse
89%
​⭐ Magnetica
87%
La Briochée
85%
La Grande Dame
85%
Sara Forever
80%
Kitty Space
78%
Lula Strega
78%
Perseo
78%
Cookie Kunty
76%
Leona Winter
76%
Ruby On The Nail
76%
Ginger Bitch
74%
Lova Ladiva
74%
Lolita Banana
72%
Vespi
70%
La Kahena
67%
💖 Norma Bell
67%
Afrodite Amour
63%
Edeha Noire
63%
Aucun quiz correspondant
Distribution des résultats
% des personnes avec chaque résultat
Percentile par nombre de réponses
Votre historique - résultats
Vous n’avez pas pris ce quiz